<?xml version="1.0" encoding="UTF-8"?>
<record
    xmlns:xsi="http://www.w3.org/2001/XMLSchema-instance"
    xsi:schemaLocation="http://www.loc.gov/MARC21/slim http://www.loc.gov/standards/marcxml/schema/MARC21slim.xsd"
    xmlns="http://www.loc.gov/MARC21/slim">

  <leader>00377nam a22001457a 4500</leader>
  <controlfield tag="008">250926b        |||||||| |||| 00| 0 eng d</controlfield>
  <datafield tag="020" ind1=" " ind2=" ">
    <subfield code="a">978-81-239-1030-4</subfield>
  </datafield>
  <datafield tag="100" ind1=" " ind2=" ">
    <subfield code="a">S. Timoshenko</subfield>
  </datafield>
  <datafield tag="245" ind1=" " ind2=" ">
    <subfield code="a">Strength of Materials Elementary Theory &amp; Problems Part I 3rd Ed.</subfield>
  </datafield>
  <datafield tag="250" ind1=" " ind2=" ">
    <subfield code="a">3rd</subfield>
  </datafield>
  <datafield tag="260" ind1=" " ind2=" ">
    <subfield code="a">New Delhi</subfield>
    <subfield code="b">CBS</subfield>
    <subfield code="c">2002</subfield>
  </datafield>
  <datafield tag="300" ind1=" " ind2=" ">
    <subfield code="a">442</subfield>
  </datafield>
  <datafield tag="650" ind1=" " ind2=" ">
    <subfield code="a">Civil</subfield>
  </datafield>
  <datafield tag="942" ind1=" " ind2=" ">
    <subfield code="2">ddc</subfield>
    <subfield code="c">BK</subfield>
  </datafield>
  <datafield tag="999" ind1=" " ind2=" ">
    <subfield code="c">21547</subfield>
    <subfield code="d">21547</subfield>
  </datafield>
  <datafield tag="952" ind1=" " ind2=" ">
    <subfield code="p">BE 25209</subfield>
    <subfield code="g">450.00</subfield>
    <subfield code="i">08-09-2025</subfield>
    <subfield code="l">0</subfield>
    <subfield code="e">ABD Publisher</subfield>
    <subfield code="r">2025-09-26 00:00:00</subfield>
    <subfield code="w">2025-09-26</subfield>
    <subfield code="y">BK</subfield>
    <subfield code="0">0</subfield>
    <subfield code="4">0</subfield>
    <subfield code="7">1</subfield>
    <subfield code="a">MIETLIB</subfield>
    <subfield code="b">MIETLIB</subfield>
    <subfield code="c">108/4</subfield>
    <subfield code="d">2025-09-08</subfield>
    <subfield code="1">0</subfield>
    <subfield code="H">BE</subfield>
  </datafield>
  <datafield tag="952" ind1=" " ind2=" ">
    <subfield code="p">BE 25210</subfield>
    <subfield code="g">450.00</subfield>
    <subfield code="i">08-09-2025</subfield>
    <subfield code="l">0</subfield>
    <subfield code="e">ABD Publisher</subfield>
    <subfield code="r">2025-09-26 00:00:00</subfield>
    <subfield code="w">2025-09-26</subfield>
    <subfield code="y">BK</subfield>
    <subfield code="0">0</subfield>
    <subfield code="4">0</subfield>
    <subfield code="7">0</subfield>
    <subfield code="a">MIETLIB</subfield>
    <subfield code="b">MIETLIB</subfield>
    <subfield code="c">132/3</subfield>
    <subfield code="d">2025-09-08</subfield>
    <subfield code="1">0</subfield>
    <subfield code="H">BE</subfield>
  </datafield>
  <datafield tag="952" ind1=" " ind2=" ">
    <subfield code="p">BE 25211</subfield>
    <subfield code="g">450.00</subfield>
    <subfield code="i">08-09-2025</subfield>
    <subfield code="l">0</subfield>
    <subfield code="e">ABD Publisher</subfield>
    <subfield code="r">2025-09-26 00:00:00</subfield>
    <subfield code="w">2025-09-26</subfield>
    <subfield code="y">BK</subfield>
    <subfield code="0">0</subfield>
    <subfield code="4">0</subfield>
    <subfield code="7">0</subfield>
    <subfield code="a">MIETLIB</subfield>
    <subfield code="b">MIETLIB</subfield>
    <subfield code="c">132/3</subfield>
    <subfield code="d">2025-09-08</subfield>
    <subfield code="1">0</subfield>
    <subfield code="H">BE</subfield>
  </datafield>
  <datafield tag="952" ind1=" " ind2=" ">
    <subfield code="p">BE 25212</subfield>
    <subfield code="g">450.00</subfield>
    <subfield code="i">08-09-2025</subfield>
    <subfield code="l">0</subfield>
    <subfield code="e">ABD Publisher</subfield>
    <subfield code="r">2025-09-26 00:00:00</subfield>
    <subfield code="w">2025-09-26</subfield>
    <subfield code="y">BK</subfield>
    <subfield code="0">0</subfield>
    <subfield code="4">0</subfield>
    <subfield code="7">0</subfield>
    <subfield code="a">MIETLIB</subfield>
    <subfield code="b">MIETLIB</subfield>
    <subfield code="c">132/3</subfield>
    <subfield code="d">2025-09-08</subfield>
    <subfield code="1">0</subfield>
    <subfield code="H">BE</subfield>
  </datafield>
  <datafield tag="952" ind1=" " ind2=" ">
    <subfield code="p">BE 25213</subfield>
    <subfield code="g">450.00</subfield>
    <subfield code="i">08-09-2025</subfield>
    <subfield code="l">2</subfield>
    <subfield code="e">ABD Publisher</subfield>
    <subfield code="r">2025-11-21 00:00:00</subfield>
    <subfield code="s">2025-11-13</subfield>
    <subfield code="w">2025-09-26</subfield>
    <subfield code="y">BK</subfield>
    <subfield code="0">0</subfield>
    <subfield code="4">0</subfield>
    <subfield code="7">0</subfield>
    <subfield code="a">MIETLIB</subfield>
    <subfield code="b">MIETLIB</subfield>
    <subfield code="c">132/3</subfield>
    <subfield code="d">2025-09-08</subfield>
    <subfield code="1">0</subfield>
    <subfield code="H">BE</subfield>
  </datafield>
</record>
